| 000 | 01634nam0a22003251 4500 | ||
|---|---|---|---|
| 001 | rc\4262634 | ||
| 005 | 20251224094830.0 | ||
| 021 |
_aRU _b[66-68118] |
||
| 035 | _a(NLR Aleph) 008238267 | ||
| 090 |
_a8260799 _c8260799 |
||
| 100 | _a20130416d1966 u y0rusy50 ca | ||
| 101 | 1 |
_arus _ceng |
|
| 102 | _aRU | ||
| 105 | _aa e |||a| | ||
| 200 | 1 |
_a"Словарь сатаны", и рассказы _eПер. с англ. _f[Вступ. статья Р. Орловой] |
|
| 210 |
_aМосква _cХудож. лит. _d1966 |
||
| 215 |
_a287 с. _cил. _d21 |
||
| 300 | _aНа обороте тит. л. сост.: Ф. Золотаревская и Н. Рахманова | ||
| 327 | 0 | _aИз сборников "В гуще жизни; "Может ли это быть"; "Незначительные рассказы"; "Фантастические басни"; Из книги "Словарь сатаны" | |
| 464 | 0 |
_12001#$aВ гуще жизни$aМожет ли это быть$aНезначительные рассказы$aФантастические басни$aИз книги "Словарь сатаны" _tИз книги "Словарь сатаны" |
|
| 700 | 1 |
_7ca _8rus _aБирс _bА. _f1842-ок.1914 _gАмброз _9119817 _3RU\NLR\AUTH\7710032 |
|
| 702 | 1 |
_aЗолотаревская _bФ. _4220 |
|
| 702 | 1 |
_4220 _7ca _8rus _aРахманова _bН. Л. _f1930-2025 _gНаталия Леонидовна _941325 _3RU\NLR\AUTH\7758393 |
|
| 702 | 1 |
_aОрлова _bР. _4080 |
|
| 801 | 0 |
_aRU _bNLR _gpsbo |
|
| 801 | 1 |
_aRU _bELAR _2rusmarc |
|
| 852 |
_aNLR _j66-3/4985 |
||
| 942 | _cBOOK | ||
| 980 | _aNB | ||